Artificial Intelligence for Healthcare. Machine Learning and Diagnostics /

Na minha lista:
Detalhes bibliográficos
Main Authors: Malviya, Rishabha (Author), Rajput, Shivam (Author), Roy, Mukesh (Author), Srivastava, Saurabh (Author)
Outros Autores: Ahmad, Irfan
Formato: Livro
Idioma:inglês
Publicado em: Berlin : De Gruyter, 2025
Tags: Adicionar Tag
Sem tags, seja o primeiro a adicionar uma tag!

MARC

LEADER 00000nam a22000003a 4500
001 0118220
003 SK-STU
005 20251120125039.3
007 ta
008 251120s ----xo-----e------000-0-----d
020 |a 978-3-11-154758-9 
040 |a STU  |b slo 
041 0 |a eng 
044 |a gw 
100 1 |a Malviya, Rishabha  |4 aut  |r Z6 
245 1 0 |a Artificial Intelligence for Healthcare. Machine Learning and Diagnostics /  |c aut. Rishabha Malviya, Shivam Rajput, Mukesh Roy, Irfan Ahmad, Saurabh Srivastava 
260 |a Berlin :  |b De Gruyter,  |c 2025 
300 |a 270 s. 
700 1 |a Rajput, Shivam  |r Z6  |4 aut 
700 1 |a Roy, Mukesh  |r Z6  |4 aut 
700 1 |a Ahmad, Irfan  |r Z6 
700 1 |a Srivastava, Saurabh  |r Z6  |4 aut 
996 |b 284EK91136  |c E* 91136  |l EE31  |s P  |a 0  |w 0118220_0001